[Event "Gibraltar Amateurs op-A"]
[White "Oueld El Hachemi, Abdelhaq"]
[Black "Savage, Neil"]
[Site "Caleta"]
[Round "5"]
[Result "1-0"]
[Date "2020.01.24"]
[WhiteElo "1788"]
[BlackElo "1608"]
[PlyCount "35"]
[EventDate "2020.01.20"]
[EventType "swiss"]
[EventRounds "5"]
[EventCountry "GGB"]
[SourceTitle "CBM 194 Extra"]
[Source "ChessBase"]
[SourceDate "2020.03.31"]
[SourceVersion "1"]
[SourceVersionDate "2020.03.31"]
[SourceQuality "1"]

1. d4 Nf6 2. Nc3 e6 3. e4 Bb4 4. Bd3 c5 5. dxc5 Bxc5 6. Nf3 0-0 7. 0-0 Nc6 8. e5 Ng4 9. Bxh7+ Kh8 10. Bf4 Nxf2 11. Rxf2 Bxf2+ 12. Kxf2 Kxh7 13. Ng5+ Kg8 14. Qh5 Re8 15. Qxf7+ Kh8 16. Qh5+ Kg8 17. Qh7+ Kf8 18. Qh8+ 1-0

[Event "Gibraltar Amateur op-B"]
[White "Oueld El Hachemi, Abdelhaq"]
[Black "Marcos Herrero, Francisco"]
[Site "Caleta"]
[Round "3"]
[Result "0-1"]
[Date "2019.01.28"]
[WhiteElo "1747"]
[BlackElo "1855"]
[PlyCount "102"]
[EventDate "2019.01.26"]
[EventType "swiss"]
[EventRounds "5"]
[EventCountry "GGB"]
[SourceTitle "CBM 188 Extra"]
[Source "ChessBase"]
[SourceDate "2019.02.28"]
[SourceVersion "1"]
[SourceVersionDate "2019.02.28"]
[SourceQuality "1"]

1. d4 Nf6 2. Nf3 c5 3. e3 g6 4. Nc3 Bg7 5. Be2 b6 6. d5 e6 7. e4 exd5 8. e5 Ne4 9. Qxd5 Nxc3 10. Qxa8 Nxe2 11. Qxb8 Nxc1 12. Rxc1 0-0 13. 0-0 f6 14. Rfe1 fxe5 15. Rcd1 d5 16. Qa8 e4 17. Nd2 Qg5 18. f4 Bd4+ 19. Kh1 Qh5 20. f5 Be6 21. Qc6 Qxf5 22. Rf1 Qe5 23. Rxf8+ Kxf8 24. c3 Bf2 25. Rf1 e3 26. Nf3 Qf5 27. Qd6+ Kg7 28. Qe7+ Kh6 29. h4 Qf7 30. Qg5+ Kg7 31. h5 h6 32. Qe5+ Qf6 33. Qxf6+ Kxf6 34. hxg6 Bg4 35. Ng1 d4 36. cxd4 cxd4 37. Nh3 Bxh3 38. gxh3 Kxg6 39. Kg2 e2 40. Kxf2 exf1Q+ 41. Kxf1 Kf5 42. Kf2 Ke4 43. Ke2 d3+ 44. Kd2 Kd4 45. h4 h5 46. b3 b5 47. a3 a5 48. Kc1 Kc3 49. b4 axb4 50. axb4 Kxb4 51. Kd2 Kc4 0-1

[Event "Gibraltar Amateur op-B"]
[White "Leimeister, Winfried"]
[Black "Oueld El Hachemi, Abdelhaq"]
[Site "Caleta"]
[Round "2"]
[Result "1/2-1/2"]
[Date "2019.01.27"]
[WhiteElo "1870"]
[BlackElo "1747"]
[PlyCount "113"]
[EventDate "2019.01.26"]
[EventType "swiss"]
[EventRounds "5"]
[EventCountry "GGB"]
[SourceTitle "EXT 2021"]
[Source "ChessBase"]
[SourceDate "2020.10.23"]
[SourceVersion "1"]
[SourceVersionDate "2020.10.23"]
[SourceQuality "1"]

1. e4 e5 2. f4 d6 3. Nf3 Nc6 4. Bc4 h6 5. d3 Be7 6. 0-0 Nf6 7. c3 0-0 8. b4 a6 9. a4 exf4 10. Bxf4 Be6 11. Ba2 Bxa2 12. Rxa2 Qd7 13. Re2 Qg4 14. Be3 Qh5 15. h3 b5 16. a5 Nd7 17. d4 Bf6 18. Ne1 Rfe8 19. Nd2 Bg5 20. Bxg5 hxg5 21. Nd3 Re7 22. Qe1 Rae8 23. Rf3 Nf6 24. Rfe3 Qg6 25. g4 Nd7 26. Qf2 f6 27. Qf5 Qxf5 28. gxf5 Kf7 29. Nf2 d5 30. Ng4 dxe4 31. Rxe4 Rxe4 32. Rxe4 Rxe4 33. Nxe4 Ne7 34. Ne3 g6 35. fxg6+ Kxg6 36. d5 f5 37. Nc5 Nb8 38. c4 bxc4 39. Nxc4 Nxd5 40. Ne5+ Kf6 41. Ned3 Ke7 42. Nb3 Kd6 43. Nbc5 Nf6 44. Kf1 Kd5 45. Ke2 Ne4 46. Ke3 Nd6 47. Nb3 Kc4 48. Nbc5 Kc3 49. Ne6 g4 50. hxg4 fxg4 51. Nxc7 Nf5+ 52. Kf4 Kxd3 53. Kxg4 Nd4 54. Nxa6 Nxa6 55. b5 Nxb5 56. Kf5 Kc4 57. Kf4 1/2-1/2